|
|
|
|
| LEADER |
00000nam0a2200000 4500 |
| 001 |
262062 |
| 005 |
20231101233623.0 |
| 010 |
|
|
|a 5283024520
|
| 035 |
|
|
|a (RuTPU)RU\TPU\book\285044
|
| 090 |
|
|
|a 262062
|
| 100 |
|
|
|a 20140529d1988 k y0rusy50 ca
|
| 101 |
0 |
|
|a rus
|
| 102 |
|
|
|a RU
|
| 105 |
|
|
|a a z 001zy
|
| 200 |
1 |
|
|a Передача информации в энергосистемах
|e обзор докладов международной конференции по большим электрическим системам СИГРЭ-86)
|f под ред. В. Х. Ишкина
|
| 210 |
|
|
|a Москва
|c Энергоатомиздат
|d 1988
|
| 215 |
|
|
|a 136 с.
|c ил.
|
| 225 |
1 |
|
|a Энергетика за рубежом
|
| 320 |
|
|
|a Библиогр.: с. 131-133.
|
| 606 |
1 |
|
|a Энергетические системы
|x Связь
|2 stltpush
|3 (RuTPU)RU\TPU\subj\21272
|9 46291
|
| 610 |
1 |
|
|a энергетика
|
| 610 |
1 |
|
|a волоконно-оптические системы
|
| 610 |
1 |
|
|a цифровые системы
|
| 610 |
1 |
|
|a оперативно-диспетчерское управление
|
| 610 |
1 |
|
|a энергообъединения
|
| 675 |
|
|
|a 621.311:658.284
|v 3
|
| 702 |
|
1 |
|a Ишкин
|b В. Х.
|4 340
|
| 801 |
|
1 |
|a RU
|b 63413507
|c 20140529
|
| 801 |
|
2 |
|a RU
|b 63413507
|c 20150325
|g RCR
|
| 942 |
|
|
|c BK
|